Electrónica de potencia

Сохранить в:
Библиографические подробности
Главный автор: Hart, Daniel W (Автор)
Формат:
Язык:испанский
Опубликовано: Madrid Prentice Hall 2001
Предметы:
Метки: Добавить метку
Нет меток, Требуется 1-ая метка записи!

MARC

LEADER 00000nam a2200000 a 4500
001 UCM6699
003 CL-VaPUC
008 021122e20010000SP |||||||||||||||||spa|d
082 0 4 |a 621.3815  |b HAR  |2 21 
100 |a Hart, Daniel W  |e author  |9 557405 
245 1 0 |a Electrónica de potencia 
300 |a 451 p 
942 |c BK 
945 |d 20021122 00:00:00  |a vberengu 
260 |a Madrid  |b Prentice Hall  |c 2001 
650 0 |a Electrónica de potencia  |9 263153 
650 0 |a Transductores  |9 263437 
650 0 |a Circuitos  |9 263339 
650 0 |a Sensores  |9 306935 
650 7 |a TRANSISTORES DE POTENCIA  |2 CL-VaPUC  |9 332415 
583 |a last modification  |c 20021122 00:00:00  |k Rodrigo Vera 
999 |c 301932  |d 301930 
952 |0 0  |1 0  |2 ddc  |4 0  |6 621_381500000000000_HAR_2001  |7 0  |8 A  |9 361765  |a BIBING  |b BIBING  |c RES  |d 2019-11-21  |i 3860639  |l 3  |m 2  |o 621.3815 HAR 2001  |p 3860639  |r 2025-04-25  |s 2025-04-17  |w 2019-11-21  |y BK  |k EIE 
952 |0 0  |1 0  |2 ddc  |4 0  |6 621_381500000000000_HAR_2001  |7 0  |8 A  |9 361766  |a BIBING  |b BIBING  |c RES  |d 2019-11-21  |i 4093798  |l 3  |m 1  |o 621.3815 HAR 2001  |p 4093798  |r 2025-01-20  |s 2024-09-17  |w 2019-11-21  |y BK  |k EIE 
952 |0 0  |1 0  |2 ddc  |4 0  |6 621_381500000000000_HAR_2001  |7 0  |8 A  |9 361767  |a BIBING  |b BIBING  |c RES  |d 2019-11-21  |i 4093801  |l 7  |m 1  |o 621.3815 HAR 2001  |p 4093801  |r 2025-05-08  |s 2025-04-29  |w 2019-11-21  |y BK  |k EIE